Statistiken für Ewige Tabelle der deutschen Handball-Bundesliga

Klicken Sie hier um das Quiz zu spielen!

Allgemein

  • Dieses Quiz wurde 506 mal gespielt
  • Das Durchschnittsergebnis liegt bei 31 aus 95

Antwortstatistiken

PlatzAntwortSpielePunkte% Korrekt
1THW Kiel
14512099:803
99%
3SG Flensburg-Handewitt
10561499:613
94%
11Füchse Berlin
685761:609
91%
81TSB Flensburg
4013:67
91%
37Hamburger SV
152156:148
89%
6SC Magdeburg
9521209:695
89%
10Rhein-Neckar Löwen
535782:288
83%
2VfL Gummersbach
14581712:1204
80%
38SC DHfK Leipzig
159154:164
77%
83Berliner SV 1892
3212:52
75%
65SC Leipzig
2624:28
75%
26TSV Hannover-Burgdorf
366340:392
74%
43TVB 1898 Stuttgart
160101:219
73%
58Polizei SV Hannover
9048:132
72%
4TBV Lemgo Lippe
11611338:984
72%
7Frisch Auf Göppingen
10751100:1050
69%
14HSV Hamburg
444632:256
69%
45SC Phönix Essen 192011490:138
67%
8TUSEM Essen
880981:779
65%
9GWD Minden
1103973:1233
61%
16MT Melsungen
501489:513
58%
15HSG Wetzlar
740613:867
54%
41HC Erlangen
165126:204
52%
49Die Eulen Ludwigshafen16480:248
50%
5TV Großwallstadt
12101332:1088
50%
24VfL Lübeck-Schwartau
420351:489
50%
28HBW Balingen-Weilstetten
400248:552
49%
29Bergischer HC
303220:386
47%
59HC Empor Rostock
6046:74
46%
77HSG Ahlen-Hamm
3415:53
46%
51OSC Dortmund
10475:133
43%
17HSG Nordhorn-Lingen
371436:306
41%
44TV Grambke Bremen
12097:143
41%
74BFV Frankfurt/Oder
2616:36
38%
21HSG Düsseldorf
446361:531
37%
12TuS N-Lübbecke
834658:1010
37%
30ThSV Eisenach
324214:434
36%
78HSC 2000 Coburg
3414:54
34%
19Bayer Dormagen
490392:588
33%
64SG BBM Bietigheim
7027:113
33%
56TuSpo Nürnberg
7852:104
33%
62SV Post Schwerin
9434:154
28%
23TV Hüttenberg
386353:419
27%
55Bayer 04 Leverkusen
7854:102
25%
82Dessauer SV ZAB
2612:40
24%
13SG Wallau/Massenheim
580649:511
24%
46HC Wuppertal
13085:175
23%
86SC Cottbus
2611:41
21%
73BSV Solingen 982818:38
20%
89EHV Wismut Aue
269:43
20%
84TuS Eintracht Wiesbaden
1811:25
20%
70Eintracht Hildesheim
12022:218
18%
40Wilhelmshavener HV204132:276
17%
87TV Emsdetten
3410:58
16%
27VfL Hameln
310265:355
16%
22SG Leutershausen
344355:333
15%
18TSV Milbertshofen
406393:419
14%
66Stralsunder HV6824:112
12%
31TuS Schutterwald
266191:341
12%
25TV 08 Niederwürzbach
294340:248
11%
95BSV Stahl Brandenburg
263:49
10%
33MTSV Schwabing
154178:130
10%
69RSV Mülheim
4222:62
10%
36VfL Fredenbeck
202168:236
10%
47TV 08 Willstätt14083:197
9%
42VfL Günzburg
128104:152
9%
80HSV Suhl
2613:39
8%
20TuS Hofweier
364379:349
8%
881. SV Concordia Delitzsch
3410:58
7%
34OSC 04 Rheinhausen
200174:226
7%
91TSV Altenholz
188:28
7%
67TuS 1860 Neunkirchen2723:31
7%
61TV 1893 Neuhausen
9438:150
7%
52VfL Pfullingen
13669:203
7%
75DSC Wanne-Eickel
2615:37
6%
32SG Dietzenbach
208186:230
6%
71SV Blau-Weiß Spandau
2621:31
6%
39TSV 1896 Rintheim
152143:161
6%
85TSV Jahn Gensungen
2611:41
6%
63TSV Scharnhausen
6032:88
6%
50TV Hochdorf
8477:91
6%
60HC TuRa Bergkamen
5240:64
5%
48SpVgg 1887 Möhringen9881:115
5%
94SV St Georg 1895144:24
5%
68TS Esslingen 1890
2822:34
5%
57TSV Birkenau
6848:88
5%
35TuS 05 Wellinghofen
170171:169
5%
53TuS Derschlag 18816261:63
5%
54TV Eitra 1910
9060:120
5%
76TV Oppum 18942815:41
5%
93VfL Heppenheim
265:47
5%
90TSG Oßweil
188:28
4%
79TS Steinheim 1874
1813:23
4%
72TSV 1846 Butzbach
3419:49
4%
92TSV 1861 Zirndorf146:22
4%

Verteilung der Resultate

Perzentil nach korrekt beantworteten Fragen

Anzahl Personen mit jedem Resultat

Ihre Resultats-Entwicklung

Sie haben dieses Quiz noch nicht gespielt